000 00335nam a22001457a 4500
008 230718b ||||| |||| 00| 0 eng d
020 _a0023335807
041 _aeng
080 _a579
082 _a579EDM
100 _a14
101 _aMICBIO
245 _aMICROBIOLOGY AN ENVIRONMENTAL PERSPECTIVE
_cEDMONDS . P
942 _2udc
_cBK
999 _c60159
_d60159